000 00638nam a2200193 i 4500
001 68190
003 ES-MaACL
005 20230906170224.0
007 t|
008 040610s1964 sp |||| | eng d
080 _a336.745.36(460)
100 1 _aGarces, Ventura.
_953978
245 1 4 _aThe legal position of the foreign investor in Spain /
_cVentura Garcés ; translated from the original spanish by Tomás Monaghan.
260 _aBarcelona :
_bLa Polígrafa,
_c1964.
300 _aXXXIII, 309 p. ;
_c22 cm.
650 0 4 _aInversiones extranjeras-
_zEspaña.
_913889
700 1 _aMonaghan, Tomás.
_982100
852 _aES-MaACL
_jC-26166
999 _c68190
_d68190